|
|
|
|
| LEADER |
00000nam0a2200000 4500 |
| 001 |
282734 |
| 005 |
20231101235527.0 |
| 010 |
|
|
|a 9785373061421
|
| 035 |
|
|
|a (RuTPU)RU\TPU\book\306693
|
| 090 |
|
|
|a 282734
|
| 100 |
|
|
|a 20150203d2014 m y0rusy50 ca
|
| 101 |
0 |
|
|a rus
|
| 102 |
|
|
|a RU
|
| 105 |
|
|
|a y z 000ay
|
| 200 |
1 |
|
|a Вызываем огонь на себя
|a Лебединая песня
|f О. А. Горчаков
|
| 210 |
|
|
|a Москва
|c ОЛМА Медиа Групп
|d 2014
|
| 215 |
|
|
|a 624 с.
|
| 225 |
1 |
|
|a Мы эхо Великой войны 1945-2015
|
| 330 |
|
|
|a Это произошло в 1942 году на центральном участке Восточного фронта. Между Брянском и Рославлем находилась самая большая авиабаза России, которую занимали немецкие боевые эскадрильи. В то время происходили довольно странные вещи. Кто раскрыл русским партизанам местонахождение дома отдыха немецких летчиков? Почему взрывались в воздухе немецкие боевые самолеты? Чем можно было объяснить, что русские нападающие летчики так хорошо были знакомы с расположением зенитных орудий, бензохранилищ?...Все эти вещи разведала девушка Анна Морозова. Ей было около двадцати лет. Но несмотря на это, она была руководителем обширной интернациональной разведывательной и диверсионной организации. Она руководила подпольной борьбой. Одна девушка против множества эскадрилий немецких самолетов...
|
| 423 |
|
|
|t Минёры воздушных дорог
|f Я. Пшимановский
|a Пшимановский, Януш
|
| 606 |
1 |
|
|a Русская литература современная
|2 stltpush
|3 (RuTPU)RU\TPU\subj\26373
|9 50316
|
| 610 |
1 |
|
|a русская литература
|
| 610 |
1 |
|
|a Великая Отечественная война 1941-1945
|
| 610 |
1 |
|
|a 20 век
|
| 610 |
1 |
|
|a Россия
|
| 610 |
1 |
|
|a партизаны
|
| 675 |
|
|
|a Р2
|v 4
|
| 700 |
|
1 |
|a Горчаков
|b О. А.
|g Овидий Александрович
|
| 801 |
|
1 |
|a RU
|b 63413507
|c 20150203
|
| 801 |
|
2 |
|a RU
|b 63413507
|c 20150320
|g RCR
|
| 942 |
|
|
|c BK
|
| 959 |
|
|
|a 11/20150203
|d 1
|e 427,00
|f ЧЗГЛ:1
|